000 00653nam a2200229 i 4500
001 175520
003 ES-MaACL
005 20250824201130.0
007 t|
008 101103s1978 sp o r ||||1| spa d
020 _a84-85551-00-1
080 _a821.134.2-1"19"
100 1 _aAbad, Antonio,
_d1949-
_917896
245 1 3 _aEl ovillo de Ariadna /
_cAntonio Abad.
250 _a1ª ed.
260 _aGranada :
_bAntonio Ubago,
_c1978.
300 _a59 p. :
_bil. ;
_c21 cm.
490 1 _aÁnade. Libros de poesía ;
_v1
830 0 0 _aÁnade.
_pLibros de poesía
_v1
_9189790
852 _aES-MaACL
_jE-13411
_xOlim P-330
999 _c175520
_d175520